|
|
|
|
| LEADER |
03747nam a2200613 4500 |
| 001 |
978-3-030-31578-8 |
| 003 |
DE-He213 |
| 005 |
20191028081754.0 |
| 007 |
cr nn 008mamaa |
| 008 |
190927s2019 gw | s |||| 0|eng d |
| 020 |
|
|
|a 9783030315788
|9 978-3-030-31578-8
|
| 024 |
7 |
|
|a 10.1007/978-3-030-31578-8
|2 doi
|
| 040 |
|
|
|d GrThAP
|
| 050 |
|
4 |
|a QA76.9.D335
|
| 072 |
|
7 |
|a GPJ
|2 bicssc
|
| 072 |
|
7 |
|a COM053000
|2 bisacsh
|
| 072 |
|
7 |
|a GPJ
|2 thema
|
| 072 |
|
7 |
|a URY
|2 thema
|
| 082 |
0 |
4 |
|a 005.82
|2 23
|
| 245 |
1 |
0 |
|a Cryptology and Network Security
|h [electronic resource] :
|b 18th International Conference, CANS 2019, Fuzhou, China, October 25-27, 2019, Proceedings /
|c edited by Yi Mu, Robert H. Deng, Xinyi Huang.
|
| 250 |
|
|
|a 1st ed. 2019.
|
| 264 |
|
1 |
|a Cham :
|b Springer International Publishing :
|b Imprint: Springer,
|c 2019.
|
| 300 |
|
|
|a XIII, 540 p. 388 illus., 61 illus. in color.
|b online resource.
|
| 336 |
|
|
|a text
|b txt
|2 rdacontent
|
| 337 |
|
|
|a computer
|b c
|2 rdamedia
|
| 338 |
|
|
|a online resource
|b cr
|2 rdacarrier
|
| 347 |
|
|
|a text file
|b PDF
|2 rda
|
| 490 |
1 |
|
|a Security and Cryptology ;
|v 11829
|
| 505 |
0 |
|
|a Homomorphic Encryption -- SIKE and Hash -- Lattice and Post-quantum Cryptography -- Searchable Encryption -- Blockchains, Cloud Security -- Secret Sharing and Interval Test -- LWE -- Encryption, Data Aggregation, and Revocation -- Signature, ML, Payment, and Factorization.
|
| 520 |
|
|
|a This book constitutes the refereed proceedings of the 18th International Conference on Cryptology and Network Security, CANS 2019, held in Fuzhou, China, in October 2019. The 21 full papers and 8 short papers were carefully reviewed and selected from 55 submissions. The papers focus on topics such as homomorphic encryption; SIKE and Hash; lattice and post-quantum cryptography; searchable encryption; blockchains, cloud security; secret sharing and interval test, LWE; encryption, data aggregation, and revocation; and signature, ML, payment, and factorization.
|
| 650 |
|
0 |
|a Data encryption (Computer science).
|
| 650 |
|
0 |
|a Software engineering.
|
| 650 |
|
0 |
|a Artificial intelligence.
|
| 650 |
|
0 |
|a Data mining.
|
| 650 |
|
0 |
|a Special purpose computers.
|
| 650 |
|
0 |
|a Computer communication systems.
|
| 650 |
1 |
4 |
|a Cryptology.
|0 http://scigraph.springernature.com/things/product-market-codes/I28020
|
| 650 |
2 |
4 |
|a Software Engineering/Programming and Operating Systems.
|0 http://scigraph.springernature.com/things/product-market-codes/I14002
|
| 650 |
2 |
4 |
|a Artificial Intelligence.
|0 http://scigraph.springernature.com/things/product-market-codes/I21000
|
| 650 |
2 |
4 |
|a Data Mining and Knowledge Discovery.
|0 http://scigraph.springernature.com/things/product-market-codes/I18030
|
| 650 |
2 |
4 |
|a Special Purpose and Application-Based Systems.
|0 http://scigraph.springernature.com/things/product-market-codes/I13030
|
| 650 |
2 |
4 |
|a Computer Communication Networks.
|0 http://scigraph.springernature.com/things/product-market-codes/I13022
|
| 700 |
1 |
|
|a Mu, Yi.
|e editor.
|0 (orcid)0000-0002-1637-845X
|1 https://orcid.org/0000-0002-1637-845X
|4 edt
|4 http://id.loc.gov/vocabulary/relators/edt
|
| 700 |
1 |
|
|a Deng, Robert H.
|e editor.
|0 (orcid)0000-0003-3491-8146
|1 https://orcid.org/0000-0003-3491-8146
|4 edt
|4 http://id.loc.gov/vocabulary/relators/edt
|
| 700 |
1 |
|
|a Huang, Xinyi.
|e editor.
|4 edt
|4 http://id.loc.gov/vocabulary/relators/edt
|
| 710 |
2 |
|
|a SpringerLink (Online service)
|
| 773 |
0 |
|
|t Springer eBooks
|
| 776 |
0 |
8 |
|i Printed edition:
|z 9783030315771
|
| 776 |
0 |
8 |
|i Printed edition:
|z 9783030315795
|
| 830 |
|
0 |
|a Security and Cryptology ;
|v 11829
|
| 856 |
4 |
0 |
|u https://doi.org/10.1007/978-3-030-31578-8
|z Full Text via HEAL-Link
|
| 912 |
|
|
|a ZDB-2-SCS
|
| 912 |
|
|
|a ZDB-2-LNC
|
| 950 |
|
|
|a Computer Science (Springer-11645)
|